Systemizing the past : papers in near Eastern and Caucasian archaeology dedicated to Pavel S. Avetisyan on the occasion of his 65th birthday /
Dedicated to Pavel Avetisyan, a leading modern Armenian archaeologist with wide international recognition, 36 contributions take the reader to the fascinating world of Caucasian archaeology. The volume demonstrates the essential role of the region in shaping the prehistoric cultural landscape of the...
مؤلفون آخرون: , ,
التنسيق: كتاب الكتروني
اللغة: English
منشور في:
Oxford :
Archaeopress Archaeology,
2023.
الموضوعات:
الوصول للمادة أونلاين: Login to view Source Login to view Source
الوسوم: إضافة وسم
رقم الطلب: DK509
| LEADER | 02126nam a2200433 i 4500 | ||
|---|---|---|---|
| 001 | EDZ0003001058 | ||
| 003 | StDuBDS | ||
| 005 | 20230412183522.0 | ||
| 006 | m|||||o||d|||||||| | ||
| 007 | cr ||||||||||| | ||
| 008 | 230225s2023 enkab fob 010|0|eng|d | ||
| 020 | |a 9781803273938 (PDF ebook) : |c No price | ||
| 040 | |a StDuBDS |b eng |c StDuBDS |e rda |e pn | ||
| 050 | 4 | |a DK509 | |
| 082 | 0 | 4 | |a 939.53 |2 23 |
| 245 | 0 | 0 | |a Systemizing the past : |b papers in near Eastern and Caucasian archaeology dedicated to Pavel S. Avetisyan on the occasion of his 65th birthday / |c edited by Yervand H. Grekyan and Arsen A. Bobokhyan. |
| 264 | 1 | |a Oxford : |b Archaeopress Archaeology, |c 2023. | |
| 300 | |a 1 online resource (iv, 495 pages) : |b illustrations (black and white, and colour), maps (black and white, and colour) | ||
| 336 | |a text |2 rdacontent | ||
| 336 | |a still image |2 rdacontent | ||
| 336 | |a cartographic image |2 rdacontent | ||
| 337 | |a computer |2 rdamedia | ||
| 338 | |a online resource |2 rdacarrier | ||
| 500 | |a Also issued in print: 2023. | ||
| 504 | |a Includes bibliographical references. | ||
| 520 | 8 | |a Dedicated to Pavel Avetisyan, a leading modern Armenian archaeologist with wide international recognition, 36 contributions take the reader to the fascinating world of Caucasian archaeology. The volume demonstrates the essential role of the region in shaping the prehistoric cultural landscape of the Ancient Near East. | |
| 521 | |a Specialized. | ||
| 588 | |a Description based on online resource; title from PDF title page (viewed on March 9, 2023). | ||
| 651 | 0 | |a Caucasus |x Antiquities. | |
| 651 | 0 | |a Middle East |x Antiquities. | |
| 700 | 1 | |a Avetisyan, P. S. |q (Pavel S.), |d 1957- |e honouree. | |
| 700 | 1 | |a Grekyan, Yervand H., |e editor. | |
| 700 | 1 | |a Bobokhyan, Arsen, |e editor. | |
| 776 | 0 | 8 | |i Print version : |z 9781803273921 |
| 856 | 4 | 0 | |u https://doi.org/10.332028/9781803273921 |
| 856 | 4 | 0 | |u http://library.arce.org:8087/Archaeopress/Products/9781803273921 |
| 942 | |2 lcc |c EBOOK | ||
| 952 | |0 0 |1 0 |4 0 |6 DK0509 |7 1 |9 47033 |a ARCH |b ARCH |d 2023-04-12 |l 0 |o DK509 |r 2023-04-12 00:00:00 |w 2023-04-12 |y EBOOK | ||
| 999 | |c 52691 |d 52691 | ||
